000 01742cam a22004574i 4500
003 PE-LiUPU
005 20250731173307.0
008 150625s2003 flu rb 000 0 spa d
020 _a0829736905
035 _a(Sirsi) i9780829736908
040 _aPE-LiUPU
_bspa
_cPE-LiUPU
_erda
049 _aPRUA
082 0 4 _a221.6
_bY21
_221
100 1 _aYancey, Phillip,
_eautor.
245 1 3 _aLa Biblia que leyó Jesús /
_cPhillip Yancey.
264 1 _aMiami :
_bVida,
_c2003.
300 _a223 páginas ;
_c21 centímetros
336 _atext
_2rdacontent
337 _aunmediated
_2rdamedia
338 _avolume
_2rdacarrier
504 _aIncluye referencias bibliográficas al pié de algunas páginas.
505 0 _a¿Vale la pena el Antiguo Testamento? -- Job: Ver en la oscuridad -- Deuteronomio: Un tanto agridulce -- Salmos: Espiritualidad en cada tono -- Eclesiastés: El final de la sabiduría -- Los profetas: Dios responde -- Ecos adelantados de una respuesta final.
526 _aSEG42
526 _aSEG41
526 _aSEG40
526 _aSEG39
526 _aP94
526 _aP87
526 _aP86
526 _aP85
526 _aP77
526 _aP76
526 _aP35
541 _g001-0000057;
630 _aBiblia.
_pA.T.
_xCritica, interpretación, etc.
942 _2ddc
_cBOOK
949 _a221.6 Y21
_wDEWEY
_c1
_i56009
_lCCODEBUL1
_mBUL
_p9.00
_r0
_sY
_tBOOK
_u2015-6-25
_xTEOLOGIA
_zUNKNOWN
_0COMPRA
_o.STAFF. Colección General
994 _aC0
_bPEPRU
596 _a1
999 _a221.6 Y21
_wDEWEY
_c44837
_i56009
_f2021-11-9
_g5
_lCCODEBUL1
_mBUL
_p9.00
_r0
_sY
_tBOOK
_u2015-6-25
_xTEOLOGIA
_zUNKNOWN
_0COMPRA
_o.STAFF. Colección Teología
_d44837
980 _81
_gALBERTO SANCHEZ Responsable de Automatización